[Event "Arco op 44th"]
[Site "Arco"]
[Date "2022.10.15"]
[Round "8"]
[White "Jacobsen, Hans Endrup"]
[Black "Voelker, Sebastian"]
[Result "1/2-1/2"]
[WhiteElo "1883"]
[BlackElo "2037"]
[PlyCount "52"]
[EventDate "2022.10.08"]
[EventType "swiss"]
[EventRounds "9"]
[EventCountry "ITA"]
[SourceTitle "CBM 210 Extra"]
[Source "ChessBase"]
[SourceDate "2022.11.30"]
[SourceVersion "1"]
[SourceVersionDate "2022.11.30"]
[SourceQuality "1"]

1. d4 d5 2. Nf3 Nf6 3. c4 c6 4. e3 a6 5. Bd3 b5 6. cxd5 cxd5 7. Nbd2 Bb7 8. 0-0 Nbd7 9. Nb3 e6 10. Bd2 Bd6 11. Na5 Rb8 12. Rc1 0-0 13. Nc6 Bxc6 14. Rxc6 Nb6 15. Ba5 Rb7 16. Qc2 Qb8 17. Bxb6 Rxb6 18. Rc1 g6 19. g3 Kg7 20. Rxb6 Qxb6 21. Qc6 Rb8 22. h3 Ng8 23. e4 dxe4 24. Bxe4 Nf6 25. Qxb6 Rxb6 26. Rc6 Rxc6 1/2-1/2

[Event "Arco op 44th"]
[Site "Arco"]
[Date "2022.10.14"]
[Round "7"]
[White "Voelker, Sebastian"]
[Black "Prelati, Maurizio"]
[Result "1/2-1/2"]
[WhiteElo "2037"]
[BlackElo "1820"]
[PlyCount "49"]
[EventDate "2022.10.08"]
[EventType "swiss"]
[EventRounds "9"]
[EventCountry "ITA"]
[SourceTitle "CBM 210 Extra"]
[Source "ChessBase"]
[SourceDate "2022.11.30"]
[SourceVersion "1"]
[SourceVersionDate "2022.11.30"]
[SourceQuality "1"]

1. e4 c5 2. Nf3 a6 3. d4 cxd4 4. Nxd4 Nf6 5. Nc3 e5 6. Nb3 Bb4 7. Qe2 0-0 8. Bg5 h6 9. Bxf6 Qxf6 10. Qe3 Nc6 11. 0-0-0 Bxc3 12. Qxc3 Qxf2 13. Kb1 a5 14. a4 Qb6 15. Bc4 Qb4 16. Rhf1 Qxc3 17. bxc3 b6 18. Bb5 Ra7 19. Nd2 Ba6 20. Nc4 Bxb5 21. axb5 Nb8 22. Rd6 Rc7 23. Nxb6 Rxc3 24. Nd5 Rc5 25. b6 1/2-1/2

[Event "Verbandsliga Suedbaden 2122"]
[Site "Baden"]
[Date "2021.11.21"]
[Round "3.3"]
[White "Voelker, Sebastian"]
[Black "Fischer, Daniel3333"]
[Result "1/2-1/2"]
[WhiteElo "2062"]
[BlackElo "2116"]
[PlyCount "92"]
[EventDate "2021.10.10"]
[EventType "team-tourn"]
[EventRounds "9"]
[EventCountry "GER"]
[SourceTitle "EXT 2023"]
[Source "ChessBase"]
[SourceDate "2022.10.05"]
[SourceVersion "1"]
[SourceVersionDate "2022.10.05"]
[SourceQuality "1"]
[WhiteTeam "Oberwinden"]
[BlackTeam "Dreilaendereck"]
[WhiteTeamCountry "GER"]
[BlackTeamCountry "GER"]

1. e4 c5 2. Nf3 e6 3. c4 a6 4. Nc3 Qc7 5. Be2 Nc6 6. d4 cxd4 7. Nxd4 Nf6 8. Nc2 Be7 9. Be3 d6 10. 0-0 Ne5 11. Qd4 Neg4 12. Bxg4 e5 13. Qd3 Bxg4 14. Nb4 Be6 15. b3 Rc8 16. Rfc1 Qb8 17. a4 0-0 18. Ra2 Nd7 19. Nbd5 Bd8 20. Qb1 Nc5 21. a5 f5 22. f3 f4 23. Bf2 g5 24. b4 Nd7 25. Qd3 Rf7 26. Rac2 h5 27. Na4 Kg7 28. Nab6 Nxb6 29. Bxb6 Be7 30. Nxe7 Rxe7 31. c5 dxc5 32. Rxc5 Rxc5 33. Rxc5 Bf7 34. Qd8 Qxd8 35. Bxd8 Rd7 36. Bxg5 Rd1+ 37. Kf2 Rd2+ 38. Kf1 Kg6 39. Rxe5 Bc4+ 40. Ke1 Re2+ 41. Kd1 Rxg2 42. Bxf4 Be2+ 43. Kc1 Bxf3 44. h4 Rg4 45. Rg5+ Rxg5 46. Bxg5 Bxe4 1/2-1/2

[Event "Arco op 43rd"]
[Site "Arco"]
[Date "2021.10.13"]
[Round "5"]
[White "Voelker, Sebastian"]
[Black "Morselli, Stefano"]
[Result "1-0"]
[WhiteElo "2062"]
[BlackElo "1790"]
[PlyCount "68"]
[EventDate "2021.10.09"]
[EventType "swiss"]
[EventRounds "9"]
[EventCountry "ITA"]
[SourceTitle "CBM 204 Extra"]
[Source "ChessBase"]
[SourceDate "2021.11.30"]
[SourceVersion "1"]
[SourceVersionDate "2021.11.30"]
[SourceQuality "1"]

1. e4 d6 2. d4 Nf6 3. f3 g6 4. c4 e5 5. d5 Nxe4 6. fxe4 Qh4+ 7. Ke2 Qxe4+ 8. Kf2 Be7 9. Nf3 Bg4 10. Nc3 Bxf3 11. Qxf3 Qxf3+ 12. gxf3 Nd7 13. Be3 f5 14. Bd3 0-0 15. Ke2 c6 16. Rag1 Bh4 17. Bg5 Bxg5 18. Rxg5 Rae8 19. Bc2 a5 20. Rg2 Nc5 21. Rd1 Rf6 22. Ke3 Kf7 23. a3 Rc8 24. h4 h6 25. Ra1 Rb8 26. Rag1 Nd7 27. Ba4 Nb6 28. Bb3 cxd5 29. Nxd5 Nd7 30. Bc2 b5 31. b4 axb4 32. axb4 Nb6 33. Bd3 Nxc4+ 34. Bxc4 bxc4 1-0

[Event "Arco op 41st"]
[Site "Arco"]
[Date "2019.10.07"]
[Round "4"]
[White "Scheftlein, Richard"]
[Black "Voelker, Sebastian"]
[Result "1/2-1/2"]
[WhiteElo "2236"]
[BlackElo "2074"]
[PlyCount "116"]
[EventDate "2019.10.04"]
[EventType "swiss"]
[EventRounds "9"]
[EventCountry "ITA"]
[SourceTitle "EXT 2020"]
[Source "ChessBase"]
[SourceDate "2019.10.17"]
[SourceVersion "1"]
[SourceVersionDate "2019.10.17"]
[SourceQuality "1"]

1. d4 d5 2. c4 Nc6 3. Nc3 dxc4 4. d5 Ne5 5. Bf4 Ng6 6. Bg3 e5 7. Nf3 Bd6 8. e4 Nf6 9. Nd2 a6 10. Nxc4 b5 11. Nxd6+ Qxd6 12. Bd3 0-0 13. 0-0 Bb7 14. Qe2 Rfe8 15. Rfd1 Rad8 16. Rac1 Qb6 17. a4 b4 18. Nb1 Nf4 19. Bxf4 exf4 20. Qf3 Nd7 21. Qxf4 Ne5 22. Be2 c6 23. dxc6 Bxc6 24. Rxd8 Qxd8 25. Nd2 Bxa4 26. Bxa6 Qa8 27. Be2 Bc6 28. Qe3 Ng6 29. f3 Bd7 30. Bc4 Ne5 31. Bd5 Qa6 32. Nc4 Qf6 33. Nxe5 Qxe5 34. Qb3 Qd4+ 35. Kh1 Be6 36. Bxe6 fxe6 37. h3 h6 38. Rd1 Qc5 39. Qd3 Rc8 40. Qd4 Qc2 41. Ra1 b3 42. Qe5 Rc5 43. Qxe6+ Kh7 44. e5 Rc6 45. Qd5 Qxb2 46. Qe4+ Rg6 47. Rg1 Qc2 48. Qxc2 bxc2 49. Rc1 Rc6 50. f4 Rc3 51. Kh2 h5 52. g4 h4 53. f5 g5 54. e6 Kg7 55. e7 Kf7 56. f6 Rc8 57. Kg1 Rc6 58. Kg2 Re6 1/2-1/2

[Event "Verbandsliga Suedbaden 1819"]
[Site "Baden"]
[Date "2019.03.31"]
[Round "8.4"]
[White "Hackel, Mario"]
[Black "Voelker, Sebastian"]
[Result "1-0"]
[WhiteElo "2299"]
[BlackElo "2074"]
[PlyCount "39"]
[EventDate "2018.10.14"]
[EventType "team-tourn"]
[EventRounds "9"]
[EventCountry "GER"]
[SourceTitle "EXT 2020"]
[Source "ChessBase"]
[SourceDate "2019.10.17"]
[SourceVersion "1"]
[SourceVersionDate "2019.10.17"]
[SourceQuality "1"]
[WhiteTeam "Oetigheim"]
[BlackTeam "Oberwinden"]
[WhiteTeamCountry "GER"]
[BlackTeamCountry "GER"]

1. d4 d5 2. c4 Nc6 3. e3 Nf6 4. Nc3 e6 5. Nf3 Be7 6. a3 0-0 7. Qc2 Re8 8. b4 e5 9. dxe5 Ng4 10. Nxd5 Bh4 11. g3 Ngxe5 12. Nxh4 Nd4 13. Qd1 Qxh4 14. gxh4 Nef3+ 15. Qxf3 Nxf3+ 16. Ke2 Nd4+ 17. Kd3 Nb3 18. Nxc7 Bf5+ 19. Kc3 Nxa1 20. Nxa8 1-0

[Event "Arco op 40th"]
[Site "Arco"]
[Date "2018.10.19"]
[Round "7"]
[White "Voelker, Sebastian"]
[Black "Renzi, Marco"]
[Result "1-0"]
[WhiteElo "2029"]
[BlackElo "1929"]
[PlyCount "103"]
[EventDate "2018.10.13"]
[EventType "swiss"]
[EventRounds "9"]
[EventCountry "ITA"]
[SourceTitle "CBM 186 Extra"]
[Source "ChessBase"]
[SourceDate "2018.08.24"]
[SourceVersion "1"]
[SourceVersionDate "2018.08.24"]
[SourceQuality "1"]

1. e4 e5 2. Bc4 Nc6 3. Nf3 Nf6 4. d3 Bc5 5. c3 h6 6. b4 Bd6 7. Nbd2 b6 8. Nf1 Bb7 9. Ng3 Ne7 10. Nh4 a6 11. 0-0 g5 12. Qf3 Ng6 13. Nhf5 Bf8 14. Nh5 g4 15. Nd6+ Bxd6 16. Nxf6+ Kf8 17. Nxg4 Qe7 18. Nxh6 f6 19. Qg3 Nf4 20. Bxf4 exf4 21. Qg6 Be5 22. d4 Qh7 23. Qf7+ Qxf7 24. Nxf7 Rh7 25. dxe5 Bxe4 26. exf6 Rxf7 27. Bxf7 Kxf7 28. Rfe1 Bc6 29. f3 Kxf6 30. Rad1 Rg8 31. Kf2 Rg5 32. g4 fxg3+ 33. hxg3 a5 34. g4 axb4 35. cxb4 Rg8 36. Re3 Ra8 37. a3 Rh8 38. Kg3 Ba4 39. Rd4 Rh1 40. Rf4+ Kg5 41. Rf5+ Kg6 42. Kf4 Rh8 43. Re7 Rg8 44. b5 Bc2 45. Rd5 Rf8+ 46. Kg3 c6 47. Rdxd7 c5 48. f4 c4 49. Rd6+ Rf6 50. f5+ Bxf5 51. gxf5+ Kxf5 52. Rxf6+ 1-0

[Event "Arco op 40th"]
[Site "Arco"]
[Date "2018.10.16"]
[Round "4"]
[White "Kostov, Deyan Samuil"]
[Black "Voelker, Sebastian"]
[Result "0-1"]
[WhiteElo "1861"]
[BlackElo "2029"]
[PlyCount "108"]
[EventDate "2018.10.13"]
[EventType "swiss"]
[EventRounds "9"]
[EventCountry "ITA"]
[SourceTitle "CBM 186 Extra"]
[Source "ChessBase"]
[SourceDate "2018.08.24"]
[SourceVersion "1"]
[SourceVersionDate "2018.08.24"]
[SourceQuality "1"]

1. d4 d5 2. Bf4 e6 3. Nf3 c5 4. e3 Nc6 5. c3 Nf6 6. Nbd2 Be7 7. Bd3 Nh5 8. Bg3 Bd7 9. dxc5 Nxg3 10. hxg3 Bxc5 11. Nb3 Bf8 12. e4 dxe4 13. Bxe4 g6 14. Nfd4 Be7 15. Qd2 Qb6 16. Nxc6 Bxc6 17. Bxc6+ bxc6 18. Qf4 a5 19. Qe5 0-0 20. 0-0-0 Rfd8 21. Nd4 Rd5 22. Qe2 Rad8 23. f4 Bf6 24. Nf3 a4 25. Rxd5 Rxd5 26. Rd1 a3 27. Rxd5 cxd5 28. g4 Qc5 29. Qc2 Qc4 30. g5 Qf1+ 31. Kd2 Qxg2+ 32. Kc1 Qf1+ 33. Kd2 Qxf3 34. gxf6 Qxf4+ 35. Ke1 Qe3+ 36. Kd1 Qg1+ 37. Kd2 axb2 38. Qxb2 Qf2+ 39. Kc1 Qe1+ 40. Kc2 Qf2+ 41. Kc1 Qxb2+ 42. Kxb2 Kf8 43. c4 dxc4 44. Kc3 Ke8 45. a4 h5 46. a5 Kd7 47. a6 Kc7 48. a7 Kb7 49. Kxc4 h4 50. Kc5 h3 51. Kd6 h2 52. Ke7 h1Q 53. Kxf7 Qf3 54. Kxg6 e5 0-1

[Event "Arco op-A 39th"]
[Site "Arco"]
[Date "2017.10.12"]
[Round "6"]
[White "Voelker, Sebastian"]
[Black "Vebic, Kasem"]
[Result "1-0"]
[WhiteElo "2018"]
[BlackElo "2145"]
[PlyCount "97"]
[EventDate "2017.10.07"]
[EventType "swiss"]
[EventRounds "9"]
[EventCountry "ITA"]
[SourceTitle "CBM 181 Extra"]
[Source "ChessBase"]
[SourceDate "2017.12.12"]
[SourceVersion "1"]
[SourceVersionDate "2017.12.12"]
[SourceQuality "1"]

1. e4 Nc6 2. Nf3 e5 3. Bc4 Bc5 4. c3 Nf6 5. d3 h6 6. Bb3 0-0 7. Nbd2 d5 8. 0-0 Bg4 9. exd5 Nxd5 10. Ne4 Bb6 11. Re1 Kh8 12. h3 Bh5 13. Ng3 Bxf3 14. Qxf3 Nf6 15. Bc2 Ng8 16. a4 f5 17. Nh1 Bc5 18. b4 Bd6 19. Ng3 Qf6 20. Bd2 Rae8 21. Bb3 Qg6 22. Rad1 Nce7 23. Bxg8 Kxg8 24. c4 f4 25. Ne4 h5 26. Kh1 Nf5 27. Nxd6 cxd6 28. Qxb7 Nh4 29. Rg1 Rf7 30. Qd5 Qf5 31. f3 Qd7 32. Be1 Nf5 33. Bf2 Re6 34. b5 Rg6 35. c5 Ne7 36. c6 Qc8 37. Qe4 Rf5 38. Bh4 Rfg5 39. Bxg5 Rxg5 40. d4 d5 41. Qc2 Rg3 42. Kh2 Nf5 43. dxe5 Nh4 44. e6 Qxe6 45. Rd3 Qf5 46. Qe2 Nxg2 47. Rxg2 Rxh3+ 48. Kg1 Qf6 49. Rxd5 1-0

[Event "Arco op-A 39th"]
[Site "Arco"]
[Date "2017.10.10"]
[Round "4"]
[White "Voelker, Sebastian"]
[Black "Pedrotti, Luciano"]
[Result "1-0"]
[WhiteElo "2018"]
[BlackElo "1752"]
[PlyCount "99"]
[EventDate "2017.10.07"]
[EventType "swiss"]
[EventRounds "9"]
[EventCountry "ITA"]
[SourceTitle "CBM 181 Extra"]
[Source "ChessBase"]
[SourceDate "2017.12.12"]
[SourceVersion "1"]
[SourceVersionDate "2017.12.12"]
[SourceQuality "1"]

1. e4 e5 2. Bc4 Nf6 3. d3 d6 4. Nf3 Be7 5. c3 0-0 6. 0-0 a6 7. a4 Nbd7 8. Re1 Nc5 9. h3 Be6 10. Bxe6 Nxe6 11. Nbd2 c6 12. a5 b5 13. axb6 Qxb6 14. Nc4 Qc7 15. Be3 c5 16. Bg5 Nxg5 17. Nxg5 Nd7 18. Nf3 Nb6 19. Nfd2 Bg5 20. Nxb6 Qxb6 21. Nc4 Qc6 22. Qg4 Bd8 23. h4 Bc7 24. Ne3 Bd8 25. h5 Qe8 26. Nf5 g6 27. Nxd6 Qe7 28. Nf5 Qg5 29. hxg6 hxg6 30. Ne3 Kg7 31. Ra4 a5 32. Qxg5 Bxg5 33. Nc4 f6 34. Rxa5 Rfd8 35. Rd1 Rxa5 36. Nxa5 Kf7 37. Nc4 Ke6 38. Kf1 f5 39. Ke2 Ra8 40. Rb1 Ra2 41. Na3 Bd8 42. Kd1 fxe4 43. dxe4 c4 44. Kc2 Bb6 45. Rf1 Bc5 46. Kb1 Rxa3 47. bxa3 Bxa3 48. Kc2 g5 49. Ra1 Bc5 50. f3 1-0

[Event "Arco op-A 39th"]
[Site "Arco"]
[Date "2017.10.09"]
[Round "3"]
[White "Dittmar, Peter"]
[Black "Voelker, Sebastian"]
[Result "1-0"]
[WhiteElo "2266"]
[BlackElo "2018"]
[PlyCount "33"]
[EventDate "2017.10.07"]
[EventType "swiss"]
[EventRounds "9"]
[EventCountry "ITA"]
[SourceTitle "CBM 181 Extra"]
[Source "ChessBase"]
[SourceDate "2017.12.12"]
[SourceVersion "1"]
[SourceVersionDate "2017.12.12"]
[SourceQuality "1"]

1. e4 Nc6 2. d4 e5 3. dxe5 Nxe5 4. f4 Nc6 5. Nf3 Bc5 6. Bc4 Qe7 7. Nc3 Nf6 8. Qe2 0-0 9. e5 Ne8 10. Nd5 Qd8 11. f5 Nd4 12. Nxd4 Bxd4 13. f6 c6 14. fxg7 Nxg7 15. Nf6+ Kh8 16. Qe4 Qa5+ 17. Kf1 1-0

[Event "Oberliga Baden 1516"]
[Site "Baden"]
[Date "2016.02.21"]
[Round "7.8"]
[White "Loewe, Lennard"]
[Black "Voelker, Sebastian"]
[Result "0-1"]
[WhiteElo "2219"]
[BlackElo "2041"]
[PlyCount "66"]
[EventDate "2015.09.20"]
[EventType "team-tourn"]
[EventRounds "9"]
[EventCountry "GER"]
[SourceTitle "EXT 2018"]
[Source "ChessBase"]
[SourceDate "2017.10.13"]
[SourceVersion "1"]
[SourceVersionDate "2017.10.13"]
[SourceQuality "1"]
[WhiteTeam "Ettlingen"]
[BlackTeam "Oberwinden"]
[WhiteTeamCountry "GER"]
[BlackTeamCountry "GER"]

1. e4 c6 2. d4 d5 3. Nd2 dxe4 4. Nxe4 Nf6 5. Nxf6+ exf6 6. Bc4 Qe7+ 7. Qe2 Be6 8. Bd3 Nd7 9. Nf3 Nb6 10. 0-0 0-0-0 11. c4 Qc7 12. Be3 h5 13. a4 c5 14. a5 Nd7 15. h3 g6 16. d5 Bg4 17. Rfd1 Re8 18. Kf1 f5 19. hxg4 hxg4 20. Ng1 Nf6 21. Qd2 Bd6 22. b4 Rh1 23. bxc5 Bh2 24. d6 Qc6 25. Ke2 f4 26. Bc2 fxe3 27. Qd4 exf2+ 28. Kd3 fxg1Q 29. Rxg1 Bxg1 30. Qxf6 Re3+ 31. Kd2 Qxg2+ 32. Kc1 Bh2+ 33. Kb2 Be5+ 0-1

[Event "Wunsiedel op 8th"]
[Site "Wunsiedel"]
[Date "2014.06.01"]
[Round "7"]
[White "Schmid, Roland1111"]
[Black "Voelker, Sebastian"]
[Result "1-0"]
[WhiteElo "2243"]
[BlackElo "2084"]
[PlyCount "81"]
[EventDate "2014.05.29"]
[EventType "swiss"]
[EventRounds "7"]
[EventCountry "GER"]
[SourceTitle "CBM 160 Extra"]
[Source "ChessBase"]
[SourceDate "2014.07.01"]
[SourceVersion "1"]
[SourceVersionDate "2014.07.01"]
[SourceQuality "1"]

1. c4 c6 2. Nf3 Nf6 3. Nc3 d5 4. e3 a6 5. Qc2 g6 6. d4 Bg7 7. Be2 0-0 8. 0-0 Bg4 9. Qb3 Ra7 10. Rd1 e6 11. h3 Bxf3 12. Bxf3 b5 13. cxd5 cxd5 14. a4 bxa4 15. Nxa4 Nbd7 16. Bd2 Qb8 17. Qxb8 Rxb8 18. Rdc1 Bf8 19. Rc6 a5 20. Be2 Ne4 21. Be1 Nd6 22. Bd3 Rb3 23. Bc2 Rbb7 24. b3 Rc7 25. Rxc7 Rxc7 26. Bd3 Nb7 27. Nc3 Bb4 28. Nb5 Rc8 29. Bxb4 axb4 30. Ra7 Rb8 31. Nc7 Nd6 32. Nxd5 exd5 33. Rxd7 Ne4 34. Bxe4 dxe4 35. Re7 f5 36. Kh2 h6 37. Kg3 Rb5 38. h4 Kh8 39. Kf4 Kg8 40. Re5 Rb7 41. h5 1-0

[Event "Verbandsliga Sued Baden 1314"]
[Site "Germany"]
[Date "2014.04.13"]
[Round "9.6"]
[White "Zeiler, Klaus"]
[Black "Voelker, Sebastian"]
[Result "1-0"]
[WhiteElo "2048"]
[BlackElo "2084"]
[PlyCount "81"]
[EventDate "2013.10.20"]
[EventType "team-tourn"]
[EventRounds "9"]
[EventCountry "GER"]
[SourceTitle "EXT 2015"]
[Source "ChessBase"]
[SourceDate "2014.11.20"]
[SourceVersion "1"]
[SourceVersionDate "2014.11.20"]
[SourceQuality "1"]
[WhiteTeam "Konstanz"]
[BlackTeam "Oberwinden"]
[WhiteTeamCountry "GER"]
[BlackTeamCountry "GER"]

1. d4 c6 2. Nf3 d5 3. c4 Nf6 4. e3 a6 5. Nbd2 b5 6. b3 g6 7. Bd3 Bg7 8. 0-0 0-0 9. Bb2 Bf5 10. Bxf5 gxf5 11. Qc2 Ne4 12. Ne1 Bh6 13. Nd3 e6 14. Nf3 Ra7 15. Ba3 Re8 16. Rac1 Kh8 17. cxd5 cxd5 18. Bc5 Rb7 19. Qe2 Rg8 20. Rc2 Qe8 21. Nd2 f6 22. Nxe4 fxe4 23. Ne1 Rbg7 24. f3 f5 25. Bd6 Rb7 26. fxe4 dxe4 27. g3 Nd7 28. Ng2 Bf8 29. Bxf8 Rxf8 30. Rfc1 Nf6 31. Nf4 Nd5 32. Nxd5 exd5 33. Rc7 Rxc7 34. Rxc7 Qg6 35. Qf2 f4 36. exf4 Qg4 37. Kg2 Rc8 38. Rxc8+ Qxc8 39. f5 Qc3 40. f6 e3 41. f7 1-0

[Event "Oberliga Baden 1112"]
[Site "Germany"]
[Date "2012.03.18"]
[Round "8.7"]
[White "Hatz, Alexander"]
[Black "Voelker, Sebastian"]
[Result "1-0"]
[WhiteElo "2221"]
[BlackElo "2095"]
[PlyCount "41"]
[EventDate "2011.10.02"]
[EventType "team-tourn"]
[EventRounds "9"]
[EventCountry "GER"]
[SourceTitle "EXT 2013"]
[Source "ChessBase"]
[SourceDate "2012.11.22"]
[SourceVersion "1"]
[SourceVersionDate "2012.11.22"]
[SourceQuality "1"]
[WhiteTeam "Kuppenheim"]
[BlackTeam "Oberwinden"]
[WhiteTeamCountry "GER"]
[BlackTeamCountry "GER"]

1. Nf3 d5 2. c4 c6 3. g3 Nf6 4. Bg2 Bf5 5. cxd5 cxd5 6. Qb3 Qc8 7. Nc3 e6 8. d3 Nc6 9. 0-0 Be7 10. Bf4 0-0 11. Rac1 Qd7 12. e4 Bg4 13. Ne5 Nxe5 14. Bxe5 dxe4 15. Nxe4 Nd5 16. Nc5 Bxc5 17. Rxc5 b6 18. Rc4 Bf5 19. Be4 Rac8 20. Rfc1 h6 21. Bxf5 1-0

[Event "Verbandsliga Sued Baden 1011"]
[Site "Baden"]
[Date "2011.01.23"]
[Round "5.6"]
[White "Barbaras, Mathieu"]
[Black "Voelker, Sebastian"]
[Result "1-0"]
[WhiteElo "2015"]
[BlackElo "2095"]
[PlyCount "69"]
[EventDate "2010.10.17"]
[EventType "team-tourn"]
[EventRounds "9"]
[EventCountry "GER"]
[SourceTitle "EXT 2012"]
[Source "ChessBase"]
[SourceDate "2011.11.24"]
[SourceVersion "1"]
[SourceVersionDate "2011.11.24"]
[SourceQuality "1"]
[WhiteTeam "Baden-Baden IV"]
[BlackTeam "Oberwinden"]
[WhiteTeamCountry "GER"]
[BlackTeamCountry "GER"]

1. c4 c6 2. Nc3 d5 3. d4 a6 4. e4 dxe4 5. Nxe4 Nf6 6. Nxf6+ exf6 7. Nf3 Be6 8. Be2 Be7 9. 0-0 0-0 10. b3 a5 11. Bb2 Na6 12. a3 Qd7 13. Qd2 Nc7 14. a4 Rfd8 15. Bc3 b6 16. Rfd1 Na6 17. h3 Nb4 18. Ne1 Qc7 19. Nd3 Nxd3 20. Bxd3 Rd7 21. Qc2 g6 22. Re1 f5 23. Rad1 Rad8 24. Be2 Bb4 25. Bf3 Rd6 26. Re2 Qd7 27. Ba1 f6 28. d5 cxd5 29. Bxf6 dxc4 30. Rxd6 Bxd6 31. Bxd8 cxb3 32. Qb2 Bc4 33. Bxb6 Bf4 34. Re1 Qxa4 35. Qd4 1-0

[Event "Regionalliga NW 0708"]
[Site "Bayern"]
[Date "2008.04.06"]
[Round "8.5"]
[White "Horther, Heinrich"]
[Black "Voelker, Sebastian"]
[Result "1/2-1/2"]
[WhiteElo "2006"]
[BlackElo "2017"]
[PlyCount "36"]
[EventDate "2007.10.21"]
[EventType "team-tourn"]
[EventRounds "9"]
[EventCountry "GER"]
[SourceTitle "EXT 2009"]
[Source "ChessBase"]
[SourceDate "2008.11.26"]
[SourceVersion "1"]
[SourceVersionDate "2008.11.26"]
[SourceQuality "1"]
[WhiteTeam "Kronach"]
[BlackTeam "Bindlach III"]
[WhiteTeamCountry "GER"]
[BlackTeamCountry "GER"]

1. e4 c6 2. d4 d5 3. exd5 cxd5 4. Bd3 Nc6 5. c3 g6 6. Nf3 Nh6 7. 0-0 Bf5 8. Re1 e6 9. Bxf5 Nxf5 10. Qb3 Qd7 11. Bf4 Bg7 12. Ne5 Nxe5 13. Bxe5 0-0 14. Bxg7 Kxg7 15. Nd2 b5 16. Nf3 Rfc8 17. Ne5 Qb7 18. Nd3 Nd6 1/2-1/2

[Event "Regionalliga NW 0708"]
[Site "Bayern"]
[Date "2008.01.20"]
[Round "5.5"]
[White "Schwalbe, Gerhard"]
[Black "Voelker, Sebastian"]
[Result "1/2-1/2"]
[WhiteElo "2000"]
[BlackElo "2017"]
[PlyCount "37"]
[EventDate "2007.10.21"]
[EventType "team-tourn"]
[EventRounds "9"]
[EventCountry "GER"]
[SourceTitle "EXT 2009"]
[Source "ChessBase"]
[SourceDate "2008.11.26"]
[SourceVersion "1"]
[SourceVersionDate "2008.11.26"]
[SourceQuality "1"]
[WhiteTeam "Bamberg II"]
[BlackTeam "Bindlach III"]
[WhiteTeamCountry "GER"]
[BlackTeamCountry "GER"]

1. e4 c6 2. d4 d5 3. Nc3 dxe4 4. Nxe4 Nf6 5. Nxf6+ exf6 6. c3 Be6 7. Ne2 Bd6 8. Nf4 Bf5 9. Bd3 Bxd3 10. Qxd3 0-0 11. 0-0 Re8 12. Bd2 Qc7 13. g3 Nd7 14. Rfe1 g6 15. Re2 f5 16. Rae1 Rxe2 17. Rxe2 Nf6 18. Ng2 Qd7 19. Bf4 1/2-1/2

[Event "Baden-ch MT"]
[Site "Oberwinden"]
[Date "2007.04.14"]
[Round "11"]
[White "Wielsch, Klaus"]
[Black "Voelker, Sebastian"]
[Result "1/2-1/2"]
[WhiteElo "2167"]
[BlackElo "2078"]
[PlyCount "53"]
[EventDate "2007.04.06"]
[EventType "swiss"]
[EventRounds "11"]
[EventCountry "GER"]
[SourceTitle "CBM 117 Extra"]
[Source "ChessBase"]
[SourceDate "2007.05.09"]
[SourceVersion "1"]
[SourceVersionDate "2007.05.09"]
[SourceQuality "1"]

1. d4 d5 2. c4 c6 3. Nc3 Nf6 4. Bg5 e6 5. e3 h6 6. Bh4 Be7 7. cxd5 cxd5 8. Bd3 0-0 9. Nf3 Nc6 10. Rc1 Bd7 11. 0-0 Rc8 12. Qe2 Ne8 13. Bxe7 Nxe7 14. Ne5 Nd6 15. f4 Be8 16. Rf3 f6 17. Ng4 f5 18. Ne5 Bh5 19. g4 fxg4 20. Rff1 Nef5 21. h3 Qh4 22. hxg4 Qg3+ 23. Kh1 Nxe3 24. gxh5 Ne4 25. Ng6 Qh3+ 26. Kg1 Qg3+ 27. Kh1 1/2-1/2

[Event "Baden-ch MT"]
[Site "Oberwinden"]
[Date "2007.04.11"]
[Round "7"]
[White "Voelker, Sebastian"]
[Black "Steinmacher, Josef"]
[Result "1-0"]
[WhiteElo "2078"]
[BlackElo "2046"]
[PlyCount "67"]
[EventDate "2007.04.06"]
[EventType "swiss"]
[EventRounds "11"]
[EventCountry "GER"]
[SourceTitle "CBM 117 Extra"]
[Source "ChessBase"]
[SourceDate "2007.05.09"]
[SourceVersion "1"]
[SourceVersionDate "2007.05.09"]
[SourceQuality "1"]

1. e4 Nc6 2. Nf3 e5 3. Bc4 Nf6 4. d3 Be7 5. 0-0 0-0 6. c3 d6 7. h3 Bd7 8. Bb3 Na5 9. Bc2 c5 10. d4 Nc6 11. d5 Nb8 12. a4 Na6 13. Na3 Nc7 14. Qe2 Nfe8 15. Rd1 b6 16. b4 g6 17. Bh6 Ng7 18. bxc5 bxc5 19. Nc4 Nce8 20. Rdb1 Qc7 21. Ra2 Nf6 22. Nfd2 Rfb8 23. Rf1 Nfh5 24. Qe3 f5 25. Bxg7 Kxg7 26. exf5 gxf5 27. f4 e4 28. Nxe4 fxe4 29. Qxe4 Kf8 30. Qxh7 Nf6 31. Qh6+ Kg8 32. Rf3 Kf7 33. Bg6+ Kg8 34. Rg3 1-0